1115 1179 1109 1327 1097 1901 1283 1054 1486 1285 1563 1088 1129 1664 1319 1063 1296 1633 1900 1976 1139 1239 1923 1834 1627 1479 1789 1018 1381 1835 1511 1134 1139 1212 1728 1035 1063 1289 1568 1395 1243 1384 1441 1951 1086 1523 1683 1404 1425 1861 1804 1020 1171 1853 1433 1935 1121 1708 1723 1385 1444 1406 1567 1949 1426 1145 1706 1097 1475 1617 1197 1584 1872 1882 1951 1402 1175 1520 1619 1734 1278 1275 1044 1862 1322 1427 1031 1839 1303 1496 1987 1647 1707 1904 1636 1371 1516 1898 1018 BCNSPRNW ULIB Ver.6.0+V

เปลี่ยนเป็นภาษาไทย

Change to English
 แสดงรายละเอียดบรรณานุกรม
  กลับหน้าหลัก

Brief Record : Get Marc (ISO 2709) : E-mail record : QR code < ปิดหน้าต่าง
LEADER : 00000nam 2200000uu 4500
001    13399114305
003     ULIB
008    120321s2553||||th 000 0 tha d
020    ^a9786165000512
090    ^aนว.^bก832ม 2553
100 0  ^aเก้าแต้ม
245 00 ^aมายาร้อยใจ/^cเก้าแต้ม
250    ^aพิมพ์ครั้งที่ 2
260    ^aกรุงเทพฯ :^bพิมพ์คำ,^c2553
300    ^a413 หน้า
710 1  ^aพิมพ์คำ
945    ^p260^l0^i16994
995    ^aกัณชพร
999    ^aใช้งานได้ทุกระบบ
รายการนี้ยังไม่มีแท็ก
คุณยังไม่ได้ล็อกอิน คุณสามารถมีกิจกรรมร่วมกับเว็บไซต์ได้ แต่ต้องล็อกอินก่อน ::
  ล็อกอิน

รายการสื่อสารสนเทศ

ลำดับที่ ประเภท เลขเรียก/บาร์โค้ด สถานที่ สถานะ
1. วิทยาศาสตร์การแพทย์ และสุขภาพ
วิทยาศาสตร์การแพทย์ และสุขภาพ
นว. ก832ม 2553  
  Barcode: 16994
ห้องสมุดวิทยาเขตสวรรค์ประชารักษ์
►นวนิยาย
บนชั้น
  ขอยืม

รายการใกล้เคียง
    ผู้แต่ง [เก้าแต้ม]

BibComment


ยังไม่เคยถูกคอมเมนท์

คอมเมนท์ทรัพยากรรายการนี้
  คอมเมนท์: มายาร้อยใจ เก้าแ..


 Copyright 2026. Bcnsprnw @Library